书目信息 |
| 题名: |
中国速度
|
|
| 作者: | 王雄 著 | |
| 分册: | ||
| 出版信息: | 北京 外文出版社 2016 |
|
| 页数: | 326页 | |
| 开本: | 26cm | |
| 丛书名: | ||
| 单 册: | ||
| 中图分类: | F532.3 | |
| 科图分类: | ||
| 主题词: | 高速铁路--铁路运输发展--成就--中国 | |
| 电子资源: | ||
| ISBN: | 978-7-119-10431-7 | |
| 000 | 00971nam0 2200229 450 | |
| 001 | 1750069295 | |
| 005 | 20170406074237.52 | |
| 010 | @a978-7-119-10431-7@b精装@dCNY100.00 | |
| 100 | @a20160905d2016 em y0chiy0110 ea | |
| 101 | 0 | @achi |
| 102 | @aCN@b110000 | |
| 105 | @ay z 000yy | |
| 106 | @ar | |
| 200 | 1 | @a中国速度@9zhong guo su du@f王雄著 |
| 210 | @a北京@c外文出版社@d2016 | |
| 215 | @a326页@d26cm | |
| 330 | @a中国高铁一直在争论中前行。作为中国高铁发展的见证者和参与者,作者以详实的史料、丰富的人物访谈和大量鲜为人知的素材,清晰地描绘出了中国高铁的发展轨迹,记述了中国高铁发展的复杂性、曲折性,印证了社会主义制度能够集中力量办大事的优越性,彰显了中国高铁的无穷魅力和灿烂前景。作者以客观求实的态度、凝重而灵动的语言,讲述了独具特色的中国高铁的故事,探究中国创新之谜,论证中国高铁发展之路。 | |
| 606 | 0 | @a高速铁路@x铁路运输发展@x成就@y中国 |
| 690 | @aF532.3@v5 | |
| 701 | 0 | @a王雄@9wang xiong@4著 |
| 801 | 0 | @aCN@b91CIP@c20160905 |
| 905 | @aBZT@dF532.3@e1 | |
| 中国速度/王雄著.-北京:外文出版社,2016 |
| 326页;26cm |
| ISBN 978-7-119-10431-7(精装):CNY100.00 |
| 中国高铁一直在争论中前行。作为中国高铁发展的见证者和参与者,作者以详实的史料、丰富的人物访谈和大量鲜为人知的素材,清晰地描绘出了中国高铁的发展轨迹,记述了中国高铁发展的复杂性、曲折性,印证了社会主义制度能够集中力量办大事的优越性,彰显了中国高铁的无穷魅力和灿烂前景。作者以客观求实的态度、凝重而灵动的语言,讲述了独具特色的中国高铁的故事,探究中国创新之谜,论证中国高铁发展之路。 |
| ● |
| 相关链接 |
|
|
|
正题名:中国速度
索取号:F532.3/1
 
预约/预借
| 序号 | 登录号 | 条形码 | 馆藏地/架位号 | 状态 | 备注 |
| 1 | 827720 | 2000827720 | 第二书库/ [索取号:F532.3/1] | 在馆 | |
| 2 | 827721 | 2000827721 | 第二书库/ [索取号:F532.3/1] | 在馆 | |
| 3 | 827722 | 2000827722 | 第二书库/ [索取号:F532.3/1] | 在馆 |